| 000 | 00497nam a2200193 a 4500 | ||
|---|---|---|---|
| 001 | 1771067064332 | ||
| 003 | YourLibrary | ||
| 005 | 20260214163807.0 | ||
| 008 | 260214s2000##################000#0#eng## | ||
| 020 | _a9780880334310 | ||
| 082 | 0 | 4 |
_a314.752 _bKDR |
| 100 | 1 |
_aKortlucke, Sheila Maria, _eauthor. |
|
| 245 | 1 | 0 | _aStavropol Over Fifty Years, 1917-1967 : |
| 260 | _c2000. | ||
| 300 | _a336 pages | ||
| 650 | 0 | _aHistory. | |
| 942 | _cENGLISH | ||
| 040 |
_aYourLibrary _beng _cYourLibrary |
||
| 999 |
_c612610 _d612610 |
||